Statystyki dla Piłkarze którzy grali zarówno w Arsenalu i Chelsea

Kliknij tutaj aby rozwiązać quiz!

Ogólne statystyki

  • Ten quiz został rozwiązany 70 razy
    (22 od ostatniego zresetowania)
  • Średni wynik to 5 z 14

Statystyki odpowiedzi

Piłkarz% Poprawnych
Jorginho
67%
Petr Cech
67%
Cesc Fabregas
52%
Kai Havertz
52%
Pierre-Emerick Aubameyang
43%
Ashley Cole
38%
David Luiz
33%
Olivier Giroud
33%
Nicolas Anelka
29%
Willian
29%
William Gallas
24%
Yossi Benayoun
14%
Emmanuel Petit
10%
Lassana Diarra
5%

Rozkład punktacji

Percentyl według liczby udzielonych odpowiedzi

Procent ludzi z każdym wynikiem

Twoja historia wyników

Nie rozwiązałeś tego quizu od ostatniego zresetowania